| 000 | 00901nas a2200289 4500 | ||
|---|---|---|---|
| 001 | BR7803228 | ||
| 003 | BR-BrBNA | ||
| 005 | 20231205083438.0 | ||
| 007 | ta | ||
| 008 | 230509b bl.|||p| |||| 00| 00por d | ||
| 040 |
_aBR-BrBNA _bpor _cBiblioteca Nacional de Agricultura |
||
| 041 | _a(Pt) | ||
| 072 | _aL30 | ||
| 100 | 1 | _aWanderley, R.C. | |
| 100 | 1 | _aRangel, J.H. | |
| 100 | 1 | _aPires, C.B. | |
| 100 | 1 | _aPimentel, C.R.M. | |
| 245 | 1 | _aProducao de carne em pasto da pangola reservado para utilizacao na epoca seca no agreste de Pernambuco [gado zebu, Brasil] | |
| 650 | _aNUTRICAO ANIMAL | ||
| 650 | _aGADO ZEBU | ||
| 650 | _aCAPIM PANGOLA | ||
| 650 | _aPASTAGEM | ||
| 650 | _aRENDIMENTO | ||
| 773 | 0 |
_tRevista da Sociedade Brasileira de Zootecnia (Brazil) _xISSN 0100-4859 _g(1977), v. 6(1) p. 132-141 _wBR7803228 |
|
| 909 |
_a202311 _bLúcia _c55 _dLúcia Elande |
||
| 942 |
_2AGRIS _n0 _cANA |
||
| 999 |
_c98807 _d98807 |
||